| 000 | 01049cad a22002415a 4500 | ||
|---|---|---|---|
| 001 | L153348 | ||
| 008 | 110418s2011 xxk df 000 0 eng d | ||
| 035 | _a(Sirsi) u153348 | ||
| 041 | 0 | _aeng | |
| 050 | 0 | 4 | _a306.3 $2 18. |
| 100 | 1 | _aWilcox, S. | |
| 245 | 0 | 0 |
_aUK housing review _b2011 briefing paper _h[electronic resource] |
| 260 |
_aTotton _bChartered Institute of Housing _c2011 |
||
| 520 | _aMid year supplement to the UK Housing Review 2010-2011 (L152733). Comments on government policy relating to housing demand and supply, affordability, housing market and prospects for low income households. Schedule of updates to statistical tables and commentary available at www.ukhousingreview.org.uk | ||
| 521 | _aAdvanced. | ||
| 650 | 2 | 4 | _aUK HOUSING REVIEW |
| 651 | 4 |
_aUnited Kingdom _y |
|
| 690 | _aPROPERTY-RESIDENTIAL PROPERTY | ||
| 700 | 1 | _aPawson, H. | |
| 710 | 1 |
_aChartered Institute of Housing _92394 |
|
| 856 | 4 | 0 |
_uhttps://www.cih.org/policy/UKHR2011BriefingPaper.pdf _zView the item free of charge at www.cih.org |
| 942 | _n0 | ||
| 999 |
_c112480 _d112480 |
||